000 00304nam a2200133Ia 4500
003 OSt
008 191201s2016 xx 000 0 und d
100 _aGRAHM, Benjamin
245 0 _aIntelligent Investor
260 _aN. Delhi
_bHarper Business
_c2016
300 _a623
650 _aNCFM
942 _2ddc
_cBK
999 _c6671
_d6671